TUPE (Record no. 114880)

MARC details
000 -LEADER
fixed length control field 01126cad a22002895a 4500
001 - CONTROL NUMBER
control field L157628
008 - FIXED-LENGTH DATA ELEMENTS--GENERAL INFORMATION
fixed length control field 130206s2014 xxk f 000 0 eng d
020 ## - INTERNATIONAL STANDARD BOOK NUMBER
International Standard Book Number 9781783210558
035 ## - SYSTEM CONTROL NUMBER
System control number (Sirsi) u157628
041 0# - LANGUAGE CODE
Language code of text/sound track or separate title eng
110 2# - MAIN ENTRY--CORPORATE NAME
Corporate name or jurisdiction name as entry element Royal Institution of Chartered Surveyors
9 (RLIN) 4900
245 00 - TITLE STATEMENT
Title TUPE
Remainder of title Information for property managers
Medium [electronic resource]
250 ## - EDITION STATEMENT
Edition statement 3rd ed
260 ## - PUBLICATION, DISTRIBUTION, ETC.
Place of publication, distribution, etc. London
Name of publisher, distributor, etc. RICS
Date of publication, distribution, etc. 2014
300 ## - PHYSICAL DESCRIPTION
Extent 18p
490 #0 - SERIES STATEMENT
Series statement RICS Information Paper
520 ## - SUMMARY, ETC.
Summary, etc. Explains the significance of the Transfer of Undertakings (Protection of Employment) Regulations 2006 (TUPE) for property managers. Includes worked examples and case studies.
590 ## - LOCAL NOTE (RLIN)
Local note KA
650 24 - SUBJECT ADDED ENTRY--TOPICAL TERM
Topical term or geographic name entry element TUPE
650 24 - SUBJECT ADDED ENTRY--TOPICAL TERM
Topical term or geographic name entry element TRANSFER OF UNDERTAKINGS (PROTECTION OF EMPLOYMENT) REGULATIONS 2006
651 #4 - SUBJECT ADDED ENTRY--GEOGRAPHIC NAME
Geographic name United Kingdom
Chronological subdivision
690 ## - LOCAL SUBJECT ADDED ENTRY--TOPICAL TERM (OCLC, RLIN)
Topical term or geographic name as entry element Commercial property
9 (RLIN) 6227
690 ## - LOCAL SUBJECT ADDED ENTRY--TOPICAL TERM (OCLC, RLIN)
Topical term or geographic name as entry element Property management
9 (RLIN) 6262
856 40 - ELECTRONIC LOCATION AND ACCESS
Uniform Resource Identifier <a href="https://www.rics.org/Documents/TUPE_Information_property_managers_3rd_edition_PGguidance_2014.pdf">https://www.rics.org/Documents/TUPE_Information_property_managers_3rd_edition_PGguidance_2014.pdf</a>
Public note View the guidance free of charge (member-only content) at www.rics.org
942 ## - ADDED ENTRY ELEMENTS (KOHA)
Suppress in OPAC 0
Holdings
Withdrawn status Lost status Source of classification or shelving scheme Damaged status Not for loan Home library Current library Shelving location Date acquired Total Checkouts Full call number Barcode Date last seen Copy number Price effective from Koha item type
    Dewey Decimal Classification     Virtual Virtual Online 06/02/2013   ONLINE PUBLICATION 157628-2001 06/08/2019 1 06/08/2019 Book